Wszystkie mecze Jerzego Brzęczka jako selekcjonera reperentacji Polski - Statystyki

Ogólne statystyki
  • Ten quiz został rozwiązany 108 razy
  • Średni wynik to 21 z 24
Statystyki odpowiedzi
Data Miasto Wynik Rozgrywki Przeciwnik % Poprawnych
7.09.2018 Bolonia 1:1 Liga Narodów Włochy
98%
14.10.2018 Chorzów 0:1 Liga Narodów Włochy
98%
11.10.2020 Gdańsk 0:0 Liga Narodów Włochy
98%
15.11.2020 Reggio nell'Emilia 0:2 Liga Narodów Włochy
98%
21.03.2019 Wiedeń 1:0 eliminacje EURO 2020 Austria
97%
9.09.2019 Warszawa 0:0 eliminacje EURO 2020 Austria
97%
4.09.2020 Amsterdam 0:1 Liga Narodów Holandia
97%
18.11.2020 Chorzów 1:2 Liga Narodów Holandia
97%
6.09.2019 Lublana 0:2 eliminacje EURO 2020 Słowenia
97%
19.11.2019 Warszawa 3:2 eliminacje EURO 2020 Słowenia
97%
10.06.2019 Warszawa 4:0 eliminacje EURO 2020 Izrael
93%
16.11.2019 Jerozolima 2:1 eliminacje EURO 2020 Izrael
93%
24.03.2019 Warszawa 2:0 eliminacje EURO 2020 Łotwa
93%
10.10.2019 Ryga 3:0 eliminacje EURO 2020 Łotwa
93%
7.06.2019 Skopje 1:0 eliminacje EURO 2020 Macedonia Północna
93%
13.10.2019 Warszawa 2:0 eliminacje EURO 2020 Macedonia Północna
93%
11.10.2018 Chorzów 2:3 Liga Narodów Portugalia
91%
20.11.2018 Guimaraes 1:1 Liga Narodów Portugalia
91%
7.09.2020 Zenica 2:1 Liga Narodów Bośnia i Hercegowina
84%
14.10.2020 Wrocław 3:0 Liga Narodów Bośnia i Hercegowina
84%
7.10.2020 Gdańsk 5:1 mecz towarzyski Finlandia
71%
11.11.2020 Chorzów 2:0 mecz towarzyski Ukraina
64%
15.11.2018 Gdańsk 0:1 mecz towarzyski Czechy
61%
11.09.2018 Wrocław 1:1 mecz towarzyski Irlandia
57%
Nie znaleziono quizów pasujących do podanych kryteriów
Rozkład punktacji
Procent ludzi z każdym wynikiem
Percentyl według liczby udzielonych odpowiedzi
Twoja historia wyników
Nie rozwiązałeś tego quizu